000 01085nmm a2200337 a 4500
001 ocm0002146751
003 TR-IsHL
005 20201028183711.0
008 190412s2019 tu tur
007 cr cn
020 _a9786052812754
035 _a2146751
_b(N$T)
050 0 4 _aPL235
_b.N39 2019
090 0 4 _aPL235
_b.N39 2019
100 1 _aNazik, Sıtkı
245 1 0 _aKlasik Türk şiirinde cennet ve cehennem
_h[electronic resource] /
_cSıtkı Nazik
250 _a1. Baskı
260 _aİstanbul :
_bHiperlink Yayınları,
_c2019
300 _a400 p.
500 _aKaynakça var
650 4 _aDil ve Edebiyat
650 4 _aLanguage and Literature
650 0 _aTürk şiiri
_x Eleştiri ve yorum
650 0 _aTurkish poetry
_x Criticism and interpretation
650 0 _aCennet, Edebiyatta
650 0 _aHeaven in literature
650 0 _aCehennem, Edebiyatta
650 0 _aHell in literature
650 7 _aPOETRY / Middle Eastern
_2bisacsh
856 4 0 _uhttp://search.ebscohost.com/login.aspx?direct=true&scope=site&db=e011xww&AN=2146751
999 _c20661
_d20661